000 00836nam a2200241Ii 4500
003 JO-AjNU
008 230605s9999||||xx |||||||||||||| ||und||
017 _a2010/19274
020 _a978-977-337-373-6
040 _aJO-AjNU
_bara
_erda
_cJO-AjNU
041 _aara
050 1 4 _aHF5438.2011
100 3 _aإلياس،طارق,
_eauthor
_934297
245 0 0 _aالبائع المحترف: سفير الصفقات الرابحة
250 _aط1
264 3 1 _aالجيزة:مركز الخبرات المهنية للادارة بميك؛2011
300 _a328ص
_bيحتوي على ملاحق من ص 319-328
336 _atext
_btxt
_2rdacontent
337 _aunmediated
_bn
_2rdamedia
338 _avolume
_bnc
_2rdacarrier
490 0 _aسلسلة اصدارات بميك؛101
650 4 _aالباعة-فن البيع
_934298
999 _aA14045
_c17613
_d17613